[Event "ECC"]
[Site "Rethymnon GRE"]
[Date "2003.10.04"]
[Round "7"]
[White "Schwarz,Mic"]
[Black "Bauer,Ch"]
[Result "0-1"]
[WhiteElo "2409"]
[BlackElo "2589"]
[EventDate "2003.09.28"]

1. Nf3 b6 2. g3 Bb7 3. Bg2 f5 4. O-O Nf6 5. d3 e6 6. e4 fxe4 7. Ng5 Nc6 8.
Nxe4 Be7 9. Nbc3 O-O 10. d4 Nxe4 11. Bxe4 d5 12. Bg2 Bf6 13. Be3 Ne7 14.
Qg4 Nf5 15. Rad1 Bc8 16. Qe2 c6 17. f4 Ba6 18. Qxa6 Nxe3 19. Qe2 Nxd1 20.
Qxe6+ Rf7 21. Rxd1 Qe8 22. Qxe8+ Rxe8 23. Kf2 Rfe7 24. Bf3 g5 25. f5 Rd7
26. g4 Red8 27. Rd3 Kf7 28. h3 Kf8 29. b3 Be7 30. Ne2 Bd6 31. Kf1 Re7 32.
Rc3 Red7 33. Rd3 b5 34. Kg2 a5 35. Kf1 Ra8 36. Re3 Re7 37. Rd3 a4 38. Rc3
Ra6 39. Rd3 b4 40. Ng1 axb3 41. axb3 Ra1+ 42. Bd1 Bf4 43. Nf3 Kf7 44. Kf2
Rc1 45. Kf1 Kf6 46. Kf2 h6 47. Kf1 h5 48. Kf2 hxg4 49. hxg4 Re4 50. Nd2 Kf7
51. Nf3 Kg7 52. Ng1 Bc7 53. Ne2 Ra1 54. Kf3 Bb6 55. Rd2 Ra8 56. Rd3 Rh8 0-1

[Event "ECC"]
[Site "Rethymnon GRE"]
[Date "2003.10.04"]
[Round "7"]
[White "Perhinig,R"]
[Black "Degraeve,JM"]
[Result "1/2-1/2"]
[WhiteElo "2215"]
[BlackElo "2541"]
[EventDate "2003.09.28"]

1. d4 Nf6 2. c4 c5 3. d5 e6 4. Nc3 exd5 5. cxd5 d6 6. e4 g6 7. Nf3 a6 8. a4
Bg4 9. Be2 Bxf3 10. Bxf3 Bg7 11. O-O O-O 12. Bf4 Qe7 13. Re1 Nbd7 14. Qc2
Rfe8 15. Rad1 h5 16. e5 dxe5 17. d6 Qf8 18. Bg5 Re6 19. Bxb7 Ra7 20. Bd5
Rxd6 21. Ba2 Nh7 22. Ne4 1/2-1/2

[Event "ECC"]
[Site "Rethymnon GRE"]
[Date "2003.10.04"]
[Round "7"]
[White "Brand,T"]
[Black "Apicella,M"]
[Result "0-1"]
[WhiteElo "2053"]
[BlackElo "2522"]
[EventDate "2003.09.28"]

1. d4 Nf6 2. e3 g6 3. Bd3 Bg7 4. Nf3 O-O 5. O-O d6 6. c4 Nbd7 7. Qc2 e5 8.
Nc3 Re8 9. dxe5 dxe5 10. e4 c6 11. Be3 Qe7 12. Rad1 Nc5 13. Be2 Nh5 14. g3
Bh3 15. Rfe1 Ne6 16. Rd2 Nhf4 17. Bf1 Bg4 18. Nh4 Nd4 19. Qb1 Nh3+ 20. Kh1
Bf6 21. f3 Nxf3 22. Nxf3 Bxf3+ 23. Bg2 Bg4 24. Nd1 Rad8 25. Nf2 Nxf2+ 26.
Rxf2 Bg5 27. Bxa7 Qb4 28. h4 Bd2 29. Ref1 Be6 30. h5 Qa5 31. Qc2 Bg5 32.
hxg6 hxg6 33. Bf3 Qxa7 34. Rh2 Kg7 0-1

[Event "ECC"]
[Site "Rethymnon GRE"]
[Date "2003.10.04"]
[Round "7"]
[White "Fahrner,K"]
[Black "Cicak,S"]
[Result "1-0"]
[WhiteElo "2369"]
[BlackElo "2530"]
[EventDate "2003.09.28"]

1. d4 Nf6 2. c4 g6 3. Nc3 Bg7 4. Nf3 O-O 5. Bg5 c5 6. e3 cxd4 7. exd4 d5 8.
Bxf6 Bxf6 9. cxd5 Bg4 10. Be2 Qb6 11. O-O Qxb2 12. Ne4 Bg7 13. Ned2 Qb6 14.
Nc4 Qd8 15. Nce5 Bc8 16. Qb3 Qd6 17. a4 Bh6 18. a5 Na6 19. h3 Rb8 20. Ng4
Bg7 21. Rac1 Nc7 22. Ne3 Bd7 23. Rc2 a6 24. Qb6 Nb5 25. Bxb5 Bxb5 26. Rfc1
Rfd8 27. Rc7 Qxb6 28. axb6 Rd6 29. Ne5 Bf6 30. N3g4 Bg5 31. R1c5 h5 32. h4
Bxh4 33. Nh6+ Kf8 34. Nhxf7 Be8 35. Nxd6 exd6 36. Rc8 Rxc8 37. Rxc8 dxe5
38. dxe5 Bg5 39. g3 h4 40. f4 Bh6 41. d6 1-0

[Event "ECC"]
[Site "Rethymnon GRE"]
[Date "2003.10.04"]
[Round "7"]
[White "Rasik,V"]
[Black "Herndl,H"]
[Result "1-0"]
[WhiteElo "2466"]
[BlackElo "2334"]
[EventDate "2003.09.28"]

1. e4 e6 2. d4 d5 3. Nd2 c5 4. Ngf3 cxd4 5. exd5 Qxd5 6. Bc4 Qd6 7. O-O Nf6
8. Nb3 Nc6 9. Nbxd4 Nxd4 10. Nxd4 a6 11. Bb3 Qc7 12. Qf3 Bd6 13. h3 Bd7 14.
Bg5 Bh2+ 15. Kh1 Be5 16. Rad1 h6 17. Bh4 O-O-O 18. Rfe1 Bxd4 19. Rxd4 Bc6
20. Rxd8+ Rxd8 21. Qc3 Qf4 22. Bg3 Qf5 23. f3 Nh5 24. Bh2 g5 25. Bc4 Nf4
26. Bxa6 Qd5 27. Bxf4 gxf4 28. Re5 Qd1+ 29. Kh2 Rd6 30. Bd3 Qa1 31. a3 Qa2
32. b3 Qxa3 33. Ra5 Qc1 34. Ra8+ Kd7 35. Qh8 1-0

[Event "ECC"]
[Site "Rethymnon GRE"]
[Date "2003.10.04"]
[Round "7"]
[White "Ebner,H"]
[Black "Langner,L"]
[Result "0-1"]
[WhiteElo "2256"]
[BlackElo "2403"]
[EventDate "2003.09.28"]

1. d4 Nf6 2. c4 c5 3. d5 e5 4. Nc3 d6 5. e4 Nbd7 6. Bd3 Be7 7. Be3 Nf8 8.
h3 h6 9. g3 g5 10. Nf3 Ng6 11. Bd2 Bd7 12. h4 g4 13. Nh2 h5 14. Nf1 Bf8 15.
Qc2 Bh6 16. Bxh6 Rxh6 17. a3 Kf8 18. Ne3 Kg7 19. Qd2 a6 20. a4 Ne7 21. O-O
Rg6 22. Rfb1 a5 23. Rf1 Nfg8 24. f4 gxf3 25. Rxf3 Bg4 26. Nxg4 Rxg4 27.
Raf1 Nh6 28. Kf2 Neg8 29. Ke1 Rg6 30. Kd1 Nf6 31. Re1 Nfg4 32. Bf1 Rf6 33.
Bg2 Rxf3 34. Bxf3 Qf6 35. Qe2 Qg6 36. Kd2 Rf8 37. Bxg4 hxg4 38. Kc1 f5 39.
Rf1 f4 40. gxf4 Rxf4 41. Rg1 Qf6 42. h5 Rf2 43. Qe1 Qf4+ 44. Kb1 Qf3 45.
Nd1 Qd3+ 46. Ka1 Rd2 47. Ne3 Qd4 48. Nd1 Rh2 49. Qg3 Rxh5 50. Ne3 Qxe4 51.
Ka2 Kg6 52. Qf2 Qf4 53. Qc2+ e4 54. Ng2 Qf3 55. Ne1 Qe3 56. Rf1 Rf5 57. Ng2
Qd3 58. Nh4+ Kg5 59. Qc1+ e3 60. Nxf5 Nxf5 61. Rd1 Qe2 62. Rg1 Nd4 63. Qb1
Qxc4+ 64. b3 Qe2+ 65. Ka3 b5 66. Rxg4+ Qxg4 0-1

[Event "ECC"]
[Site "Rethymnon GRE"]
[Date "2003.10.04"]
[Round "7"]
[White "Nedela,V"]
[Black "Loebler,H"]
[Result "1-0"]
[WhiteElo "2381"]
[BlackElo "2216"]
[EventDate "2003.09.28"]

1. b3 d5 2. Bb2 Bg4 3. g3 c6 4. Bg2 Nd7 5. d3 Ngf6 6. Nd2 e6 7. h3 Bh5 8.
Ngf3 Bd6 9. a3 O-O 10. O-O a5 11. Ra2 Qe7 12. Re1 e5 13. Nh4 Qe6 14. g4 Bg6
15. e4 d4 16. a4 Ne8 17. f4 exf4 18. Bxd4 Nc7 19. Bf2 Bb4 20. Rf1 Rfe8 21.
Ndf3 Rad8 22. Qc1 Qf6 23. Nxg6 hxg6 24. Bh4 Bc5+ 25. Kh1 Qd6 26. Bxd8 Rxd8
27. d4 Ba7 28. c3 Ne6 29. e5 Qe7 30. Rd1 Ndf8 31. Qa3 Bc5 32. Qc1 Ba7 33.
Rad2 g5 34. c4 Ng6 35. Qc3 Nh4 36. d5 Nxf3 37. Bxf3 cxd5 38. Rxd5 Re8 39.
Rxa5 Bb8 40. b4 1-0

[Event "ECC"]
[Site "Rethymnon GRE"]
[Date "2003.10.04"]
[Round "7"]
[White "Pfaffel,T"]
[Black "Sikora Lerch,J"]
[Result "0-1"]
[WhiteElo "2126"]
[BlackElo "2324"]
[EventDate "2003.09.28"]

1. e4 c5 2. Nf3 g6 3. d4 cxd4 4. Nxd4 Nc6 5. Be3 Nf6 6. Nc3 Bg7 7. Be2 O-O
8. O-O d6 9. h3 Bd7 10. Nb3 a5 11. a3 Qb8 12. f4 b5 13. Bf3 a4 14. Nd4 Nxd4
15. Bxd4 e5 16. fxe5 dxe5 17. Bc5 Rd8 18. Qc1 Bc6 19. Qg5 Nd7 20. Bb4 Nf8
21. Nd5 Bxd5 22. exd5 f5 23. d6 e4 24. Bxe4 fxe4 25. Qd5+ Kh8 26. Rf7 Ra7
27. Raf1 Rxf7 28. Rxf7 Rd7 29. Re7 Qd8 30. Rxe4 h6 31. Qxb5 Rxd6 32. Bxd6
Qxd6 33. Qb4 Qd1+ 34. Re1 Qxc2 35. Re8 Qc1+ 36. Kf2 Qc2+ 37. Kg1 Kg8 38.
Ra8 Qd1+ 39. Kh2 Bd4 40. Kg3 Qd3+ 41. Kh2 Be5+ 42. Kg1 Bd6 43. Qc3 Qb1+ 44.
Kf2 Qf5+ 45. Qf3 Bc5+ 46. Kg3 Bd6+ 47. Kf2 Qc2+ 48. Qe2 Bc5+ 49. Kf1 Qc1+
50. Qe1 0-1

[Event "ECC"]
[Site "Rethymnon GRE"]
[Date "2003.10.04"]
[Round "7"]
[White "Babula,M"]
[Black "Herndl,G"]
[Result "1-0"]
[WhiteElo "2329"]
[BlackElo "2181"]
[EventDate "2003.09.28"]

1. e4 e5 2. Nf3 Nc6 3. Bb5 a6 4. Ba4 Nf6 5. O-O Be7 6. Re1 b5 7. Bb3 O-O 8.
d3 d5 9. exd5 Nxd5 10. Nc3 Nxc3 11. bxc3 Kh8 12. Nxe5 Nxe5 13. Rxe5 Bd6 14.
Re1 Bb7 15. Qg4 f5 16. Qg5 Qd7 17. Bf4 Rf6 18. Bxd6 Qxd6 19. Qe3 Qc6 20. f3
Raf8 21. d4 f4 22. Qd3 Rg6 23. d5 Qb6+ 24. Qd4 c5 25. dxc6 Qxc6 26. Rf1 h5
27. Rad1 h4 28. Bd5 Qc8 29. Qe4 Rb6 30. Bxb7 Qxb7 31. Rd5 Qf7 32. Rfd1 h3
33. gxh3 Re6 34. Re5 Rh6 35. Rdd5 Rxh3 36. Re7 Qf6 37. Re8 Qb6+ 38. Rd4 Qf6
39. Rxf8+ Qxf8 40. Kg2 1-0

[Event "ECC"]
[Site "Rethymnon GRE"]
[Date "2003.10.04"]
[Round "7"]
[White "Makoli,P"]
[Black "Logothetis,S"]
[Result "1/2-1/2"]
[WhiteElo "2236"]
[BlackElo "2255"]
[EventDate "2003.09.28"]

1. e4 c6 2. d4 d5 3. Nc3 dxe4 4. Nxe4 Bf5 5. Ng3 Bg6 6. h4 h6 7. Nf3 Nd7 8.
h5 Bh7 9. Bd3 Bxd3 10. Qxd3 e6 11. Bf4 Ngf6 12. O-O-O Be7 13. Ne4 Nxe4 14.
Qxe4 Nf6 15. Qe2 Qd5 16. Kb1 Nxh5 17. Be3 Nf6 18. Ne5 Rf8 19. c4 Qa5 20. f4
O-O-O 21. g4 Nd7 22. Nd3 Rfe8 23. Qc2 Kb8 24. Rh5 Qc7 25. Rg1 Bf8 26. b4 f5
27. g5 g6 28. Rh2 h5 29. Qb3 Bg7 30. Rd2 Nb6 31. Ne1 Nc8 32. Nf3 Nd6 33.
Rc2 Ne4 34. Rd1 Rd6 35. Rd3 1/2-1/2

[Event "ECC"]
[Site "Rethymnon GRE"]
[Date "2003.10.04"]
[Round "7"]
[White "Idrizaj,A"]
[Black "Petsetidi,M"]
[Result "1-0"]
[WhiteElo "2242"]
[BlackElo "2011"]
[EventDate "2003.09.28"]

1. e4 c5 2. Nf3 d6 3. d4 cxd4 4. Nxd4 Nf6 5. Nc3 a6 6. Bc4 e6 7. Bb3 Be7 8.
g4 Qa5 9. Bd2 Qe5 10. Nf3 Qc5 11. Be3 Qc7 12. Nd4 h5 13. g5 Ng4 14. g6 Bh4
15. Qf3 O-O 16. O-O-O Qe7 17. Qe2 fxg6 18. f4 Kh7 19. Nf3 Bf6 20. Bd2 Nc6
21. h3 Nh6 22. e5 dxe5 23. fxe5 Bh4 24. Ne4 Rf5 25. Rdg1 Nf7 26. Rg4 hxg4
27. hxg4 Rxf3 28. Qxf3 Kg8 29. Qh3 g5 30. Kb1 Ncxe5 31. a3 b5 32. Nxg5 Ng6
33. Nxf7 Qxf7 34. Rf1 Qc7 35. Qd3 Ne5 36. Qe4 Nc6 37. Rh1 g5 38. Bc3 Qd7
39. Rf1 Ne7 40. Qxa8 Nc6 41. Rf6 Kh7 42. Ka2 Nd4 43. Qe4+ 1-0

[Event "ECC"]
[Site "Rethymnon GRE"]
[Date "2003.10.04"]
[Round "7"]
[White "Sigfusson,S"]
[Black "Ostenstad,B"]
[Result "1-0"]
[WhiteElo "2323"]
[BlackElo "2469"]
[EventDate "2003.09.28"]

1. e4 e6 2. d4 d5 3. Nc3 Bb4 4. e5 c5 5. a3 Bxc3+ 6. bxc3 Ne7 7. Qg4 Kf8 8.
Bd2 Qc7 9. Bd3 b6 10. Nf3 Ba6 11. dxc5 bxc5 12. Bxa6 Nxa6 13. c4 Ng6 14.
O-O h5 15. Qg5 dxc4 16. Bc3 Qe7 17. Qe3 Nc7 18. Qe4 Nd5 19. Qxc4 h4 20. Bd2
h3 21. g3 Nb6 22. Qe4 Qd7 23. Be3 Rc8 24. Rfd1 Qc7 25. c4 Kg8 26. Rab1 Rb8
27. Rb5 Rd8 28. Rdb1 Qd7 29. Bxc5 Rh5 30. Bd6 Rc8 31. c5 Nd5 32. Qg4 Rf5
33. c6 Qxc6 34. Rc5 Qxc5 35. Bxc5 Rxc5 36. Nd4 Rc4 37. Rb8+ Nf8 38. Rxf8+
Kxf8 39. Nxe6+ fxe6 40. Qxc4 Rxe5 41. Kf1 Kf7 42. Qd4 Rf5 43. Qxa7+ Kg6 44.
a4 Rf3 45. Ke2 Ra3 46. a5 Nc3+ 47. Kd2 Ne4+ 48. Kc1 Nxf2 49. Qxf2 Rxa5 50.
Qc2+ Kh6 51. Qd2+ Rg5 52. Qd6 Rg6 53. Qe5 Kh7 54. Qe4 1-0

[Event "ECC"]
[Site "Rethymnon GRE"]
[Date "2003.10.04"]
[Round "7"]
[White "Bjornsson,S"]
[Black "Ekeberg,C"]
[Result "1-0"]
[WhiteElo "2302"]
[BlackElo "2226"]
[EventDate "2003.09.28"]

1. e4 c5 2. c3 d5 3. exd5 Qxd5 4. d4 Nf6 5. Nf3 Bg4 6. dxc5 Qxd1+ 7. Kxd1
e5 8. b4 Nc6 9. Be3 O-O-O+ 10. Kc2 Nd5 11. Nbd2 Be7 12. Bb5 f6 13. h3 Bf5+
14. Kb2 g5 15. Rad1 h5 16. Nc4 Kc7 17. Rd2 Nf4 18. Bxf4 gxf4 19. Rhd1 Rhg8
20. Nh4 Be6 21. Nd6 Rg5 22. Bc4 Bxc4 23. Nxc4 Rxd2+ 24. Rxd2 e4 25. Re2 f5
26. Kb3 Kd7 27. b5 Nd8 28. Ne5+ Ke6 29. Neg6 Bxc5 30. Nxf4+ Kf6 31. g3 Ne6
32. Nxe6 Kxe6 33. Ng2 Bd6 34. h4 Rg7 35. Ne3 Bc5 36. Nc4 Kf6 37. a4 Rd7 38.
Kc2 Rc7 39. Ne3 Ke6 40. Kb3 Rd7 41. Ng2 Kf7 42. Nf4 Rd1 43. Nxh5 Rf1 44. g4
Rxf2 45. Rxf2 Bxf2 46. gxf5 e3 47. Nf4 Kf6 48. h5 Kxf5 49. Ne2 Kg5 50. Kc2
Kxh5 51. Kd3 Kg5 52. Ke4 Kf6 53. Nf4 Ke7 54. Nd5+ Kd6 55. Nxe3 Kc5 56. Ng4
Kc4 57. Nxf2 Kxc3 58. Kd5 Kb4 59. Nd3+ Kxa4 60. Kc5 Ka5 61. Ne5 Ka4 62. Nc6
a6 63. b6 a5 64. Kc4 1-0

[Event "ECC"]
[Site "Rethymnon GRE"]
[Date "2003.10.04"]
[Round "7"]
[White "Halldorsson,Br"]
[Black "Hammerstad,A"]
[Result "0-1"]
[WhiteElo "2238"]
[BlackElo "2180"]
[EventDate "2003.09.28"]

1. d4 e6 2. c4 Nf6 3. Nc3 Bb4 4. Qc2 O-O 5. Nf3 b6 6. Bg5 Bb7 7. e3 h6 8.
Bh4 d6 9. Bd3 c5 10. O-O-O cxd4 11. Nxd4 Nbd7 12. f4 Qc7 13. Rhg1 d5 14.
Ncb5 Qc8 15. a3 dxc4 16. Bh7+ Nxh7 17. axb4 a5 18. Be7 axb4 19. Bxb4 Nc5
20. Nd6 Qb8 21. Bxc5 bxc5 22. N4b5 Ra1+ 23. Kd2 Rxd1+ 24. Rxd1 Ba6 25. Qa4
Qb6 26. Ke1 Nf6 27. Na3 Rb8 28. Naxc4 Bxc4 29. Nxc4 Qb7 30. Qc2 Nd5 31. Qe4
Qb4+ 32. Rd2 Nxe3 33. Nd6 Qxe4 34. Nxe4 Rb4 35. Nxc5 Rxf4 36. g3 Rf5 37.
Nd3 Rd5 38. Ke2 Nf5 39. Nf4 Rxd2+ 40. Kxd2 Kf8 41. Kc3 Ke7 42. Kb4 e5 43.
Ne2 Kd6 44. Nc3 Ne3 45. Kb5 f5 46. b4 Nd5 47. Ne2 g5 48. Kc4 f4 49. gxf4
gxf4 50. Ng1 Ne3+ 51. Kd3 Kd5 52. Nh3 e4+ 53. Kc3 Ke5 54. b5 f3 55. Nf2
Nd5+ 56. Kc4 e3 57. Ng4+ Ke4 0-1

[Event "ECC"]
[Site "Rethymnon GRE"]
[Date "2003.10.04"]
[Round "7"]
[White "Wukits,R"]
[Black "Kiik,K"]
[Result "0-1"]
[WhiteElo "2288"]
[BlackElo "2439"]
[EventDate "2003.09.28"]

1. d4 d5 2. c4 e6 3. Nc3 c6 4. Nf3 dxc4 5. e3 b5 6. a4 Bb4 7. Bd2 a5 8.
axb5 Bxc3 9. Bxc3 cxb5 10. b3 Bb7 11. bxc4 b4 12. Bb2 Nf6 13. Bd3 Nbd7 14.
O-O O-O 15. Re1 Ne4 16. Qc2 f5 17. Nd2 Nxd2 18. Qxd2 Qg5 19. Bf1 Nf6 20. d5
exd5 21. Rxa5 Rxa5 22. Qxb4 Raa8 23. Qxb7 dxc4 24. Bxc4+ Kh8 25. Be5 Rad8
26. Ra1 Ng4 27. h4 Qg6 28. Bc3 Rb8 29. Qa7 Rbc8 30. Bb4 Rfd8 31. Be7 Re8
32. Bb5 Rg8 33. f3 Ne5 34. Bg5 Qd6 35. Qd4 Nxf3+ 36. gxf3 Qg3+ 37. Kf1
Qxf3+ 38. Ke1 h6 39. Be7 Rc2 0-1

[Event "ECC"]
[Site "Rethymnon GRE"]
[Date "2003.10.04"]
[Round "7"]
[White "Kreindl,H"]
[Black "Nivala,T"]
[Result "1/2-1/2"]
[WhiteElo "2201"]
[BlackElo "2196"]
[EventDate "2003.09.28"]

1. d4 d5 2. Nf3 Nf6 3. Bf4 c5 4. e3 cxd4 5. exd4 Nc6 6. c3 Bg4 7. Nbd2 e6
8. Qb3 Qc8 9. Ne5 Nxe5 10. Bxe5 Nd7 11. h3 Bf5 12. Bh2 Be7 13. Be2 O-O 14.
O-O a6 15. a4 Qc6 16. Nf3 Bd6 17. Bxd6 Qxd6 18. Rfe1 Qb6 19. Qxb6 Nxb6 20.
a5 Nc8 21. Ne5 Rd8 22. Bd3 Bxd3 23. Nxd3 Nd6 24. Nc5 Rab8 25. Kf1 Ne8 26.
Ra4 Kf8 27. Rb4 Nd6 28. Ra1 Nb5 29. Ke2 Ke7 30. Kd3 Kd6 31. Re1 h5 32. b3
Kc6 33. f4 g6 34. Ra4 h4 35. Ra2 Nd6 36. Ke3 Rg8 37. Nd3 Kd7 38. Ne5+ Ke7
39. Nf3 Rbc8 40. Rc2 Nf5+ 41. Kd3 Rgd8 42. Rec1 Rc7 43. b4 f6 44. Nd2 Rg8
45. Nf3 Kd6 46. c4 dxc4+ 47. Rxc4 Rgc8 48. Rc5 Rc6 49. R1c2 R8c7 50. Rc1
Rc8 51. R1c2 R8c7 1/2-1/2

[Event "ECC"]
[Site "Rethymnon GRE"]
[Date "2003.10.04"]
[Round "7"]
[White "Kosmo,S"]
[Black "Lenz,A"]
[Result "1/2-1/2"]
[WhiteElo "2180"]
[BlackElo "2189"]
[EventDate "2003.09.28"]

1. e4 e6 2. d4 d5 3. Nc3 Bb4 4. e5 c5 5. dxc5 Ne7 6. Nf3 Nd7 7. Bd3 Nxc5 8.
O-O Nxd3 9. Qxd3 Bd7 10. Ne2 Ng6 11. c3 Be7 12. Re1 O-O 13. Ng3 b5 14. Nh5
b4 15. Bd2 Rb8 16. Qd4 Qb6 17. Qg4 bxc3 18. bxc3 Bc5 19. Qg3 f5 20. exf6
gxf6 21. Bh6 Rf7 22. Nf4 Bd6 23. Nh4 Bxf4 24. Bxf4 e5 25. Be3 Qe6 26. Nxg6
hxg6 27. Qxg6+ Rg7 28. Qh5 Be8 29. Qe2 Bc6 30. f3 Qf5 31. Bf2 Bb5 32. Qd1
Bc4 33. Bg3 Rb2 34. a4 Rgb7 35. a5 R7b3 36. Rc1 Ra3 37. Rb1 Rxb1 38. Qxb1
Qxb1 39. Rxb1 Rxa5 40. h4 Ra3 41. Rb7 Rxc3 42. h5 Bd3 43. Bh4 Rc6 1/2-1/2

[Event "ECC"]
[Site "Rethymnon GRE"]
[Date "2003.10.04"]
[Round "7"]
[White "Zsifkovits,R"]
[Black "Porrasmaa,T"]
[Result "0-1"]
[WhiteElo "2118"]
[BlackElo "2219"]
[EventDate "2003.09.28"]

1. e4 d6 2. d4 Nf6 3. Nc3 g6 4. Be3 a6 5. Qd2 b5 6. f3 Nbd7 7. a4 b4 8. Nd1
a5 9. c3 bxc3 10. bxc3 c6 11. Bd3 Ba6 12. Ne2 Bxd3 13. Qxd3 Qc8 14. O-O Bg7
15. g4 Qa6 16. Qd2 Nb6 17. Nb2 O-O 18. Rf2 Nc4 19. Nxc4 Qxc4 20. Bh6 Rab8
21. Ng3 Bxh6 22. Qxh6 Qxc3 23. Rd1 Rb2 24. Rxb2 Qxb2 25. h4 Qb3 26. Rd2
Qxf3 27. Nf5 gxf5 28. gxf5 Ng4 0-1

[Event "ECC"]
[Site "Rethymnon GRE"]
[Date "2003.10.04"]
[Round "7"]
[White "Saastamoinen,A"]
[Black "Petschar,H"]
[Result "1-0"]
[WhiteElo "2170"]
[BlackElo "2004"]
[EventDate "2003.09.28"]

1. e4 d6 2. d4 Nf6 3. Nc3 g6 4. f4 Bg7 5. Nf3 c5 6. Be3 cxd4 7. Nxd4 O-O 8.
Qd2 Nc6 9. O-O-O Nxd4 10. Bxd4 Be6 11. Kb1 Qa5 12. Bxf6 exf6 13. Nd5 Qd8
14. Ne3 f5 15. exf5 Qf6 16. Qc1 Bxf5 17. Nxf5 Qxf5 18. Rxd6 Rfe8 19. g3 Qc5
20. Rd3 Rac8 21. Bh3 Rc7 22. Rhd1 Rce7 23. Bf1 Qb6 24. Rd6 Qb4 25. a3 Qa5
26. Qd2 Qf5 27. Qb4 Rc7 28. Bc4 Bf8 29. Qb5 Qe4 30. R6d4 Qe3 31. Rd7 Re7
32. Rd8 Re4 33. Bd5 Qe2 34. Qxe2 Rxe2 35. Bb3 Kg7 36. Ka2 h5 37. h3 Bc5 38.
R1d7 Re7 39. Rd3 Re3 40. g4 hxg4 41. hxg4 Re4 42. R8d7 Re7 43. Ba4 f5 44.
gxf5 gxf5 45. R7d5 Re4 46. b4 Be3 47. Rxf5 Bxf4 48. Rf3 Be5 49. Rg5+ Kh6
50. Rg1 Rh4 51. Bb3 Rh2 52. b5 Rg7 53. Re1 Rg5 54. Rf7 Bc3 55. Re6+ Rg6 56.
Rxg6+ Kxg6 57. Rxb7 Bd4 58. Rd7 1-0

[Event "ECC"]
[Site "Rethymnon GRE"]
[Date "2003.10.04"]
[Round "7"]
[White "Jones,Ri"]
[Black "Chuchelov,V"]
[Result "1/2-1/2"]
[WhiteElo "2063"]
[BlackElo "2608"]
[EventDate "2003.09.28"]

1. e4 c5 2. Nf3 Nc6 3. d4 cxd4 4. Nxd4 Nf6 5. Nc3 e5 6. Ndb5 d6 7. Bg5 a6
8. Na3 b5 9. Bxf6 gxf6 10. Nd5 f5 11. Bd3 Be6 12. c3 Bg7 13. O-O O-O 14.
Qh5 fxe4 15. Bxe4 f5 16. Nf4 exf4 17. Bxc6 Rc8 18. Qe2 Qf6 19. Bb7 Rce8 20.
Qd3 b4 21. cxb4 Qxb2 22. Rab1 Qc3 23. Bxa6 Qxd3 24. Bxd3 Rc8 25. Nb5 Bxa2
26. Rbc1 Be5 27. Na7 Ra8 1/2-1/2

[Event "ECC"]
[Site "Rethymnon GRE"]
[Date "2003.10.04"]
[Round "7"]
[White "Cast,A"]
[Black "Marechal,A"]
[Result "0-1"]
[WhiteElo "2104"]
[BlackElo "2256"]
[EventDate "2003.09.28"]

1. d4 Nf6 2. Nf3 g6 3. Bg5 Bg7 4. Nbd2 O-O 5. e3 d6 6. Bd3 Nbd7 7. O-O Qe8
8. Re1 h6 9. Bxf6 Nxf6 10. e4 e5 11. dxe5 dxe5 12. Nc4 Nh5 13. c3 Nf4 14.
Bf1 Bg4 15. h3 Rd8 16. Qb3 Bxf3 17. gxf3 b6 18. Rad1 Qe7 19. Qc2 Qe6 20.
Kh2 Bf6 21. Ne3 Bh4 22. c4 c6 23. Rxd8 Rxd8 24. Rd1 Rd4 25. c5 b5 26. Bg2
h5 27. b3 Qd7 28. Rxd4 exd4 29. Nd1 Bf6 30. a4 a6 31. axb5 axb5 32. Bf1 Be5
33. h4 Qe7 0-1

[Event "ECC"]
[Site "Rethymnon GRE"]
[Date "2003.10.04"]
[Round "7"]
[White "Meessen,R"]
[Black "Saunders,R"]
[Result "1-0"]
[WhiteElo "2279"]
[BlackElo "2170"]
[EventDate "2003.09.28"]

1. d4 Nf6 2. c4 c5 3. d5 b5 4. cxb5 a6 5. f3 axb5 6. e4 Qa5+ 7. Bd2 b4 8.
Na3 d6 9. Nc4 Qd8 10. a3 e6 11. Ne3 exd5 12. exd5 bxa3 13. Rxa3 Rxa3 14.
bxa3 Be7 15. Bb5+ Bd7 16. Bc4 O-O 17. Ne2 Qb6 18. Bc3 Na6 19. O-O Nc7 20.
a4 Rb8 21. Qa1 Nfe8 22. a5 Qa7 23. Rb1 Bf6 24. Rxb8 Qxb8 25. Bxf6 Nxf6 26.
Nc3 Bc8 27. Ne4 Nfe8 28. g4 Na6 29. Qa4 Kf8 30. Bf1 Nb4 31. Bb5 Ba6 32.
Bxe8 Qxe8 33. Qxe8+ Kxe8 34. Nxd6+ Ke7 35. Nef5+ Kf6 36. Ne8+ Ke5 37. d6
Bb5 38. Nc7 Bc6 39. a6 g6 40. a7 gxf5 41. d7 1-0

[Event "ECC"]
[Site "Rethymnon GRE"]
[Date "2003.10.04"]
[Round "7"]
[White "Sinnett,G"]
[Black "Huesmann,T"]
[Result "0-1"]
[WhiteElo "2010"]
[BlackElo "2282"]
[EventDate "2003.09.28"]

1. d4 f5 2. g3 Nf6 3. Bg2 d6 4. c4 e5 5. dxe5 dxe5 6. Qxd8+ Kxd8 7. Bg5 c6
8. Nd2 Be7 9. e4 fxe4 10. Nxe4 Bf5 11. O-O-O+ Kc7 12. Nxf6 gxf6 13. Be3 Na6
14. a3 Nc5 15. b4 Nd3+ 16. Kd2 Rhd8 17. Kc3 Nxf2 18. Rxd8 Rxd8 19. Bxf2
Rd3+ 20. Kb2 Rd2+ 21. Kc3 Rc2+ 22. Kb3 Rxf2 0-1

[Event "ECC"]
[Site "Rethymnon GRE"]
[Date "2003.10.04"]
[Round "7"]
[White "Brady,S"]
[Black "Cobb,C"]
[Result "1/2-1/2"]
[WhiteElo "2336"]
[BlackElo "2393"]
[EventDate "2003.09.28"]

1. e4 e6 2. d4 d5 3. Nd2 dxe4 4. Nxe4 Bd7 5. Nf3 Bc6 6. Bd3 Nd7 7. Qe2 Ngf6
8. Ng3 Be7 9. O-O Bxf3 10. Qxf3 c6 11. c3 O-O 12. Ne4 e5 13. Rd1 exd4 14.
cxd4 Nxe4 15. Bxe4 Nf6 16. d5 Nxe4 17. Qxe4 Re8 18. Qf3 cxd5 19. Be3
1/2-1/2

[Event "ECC"]
[Site "Rethymnon GRE"]
[Date "2003.10.04"]
[Round "7"]
[White "Spice,A"]
[Black "Fitzpatrick,B"]
[Result "1-0"]
[WhiteElo "2181"]
[BlackElo "2052"]
[EventDate "2003.09.28"]

1. f4 c5 2. Nf3 g6 3. e3 Bg7 4. Be2 d6 5. O-O Nf6 6. d3 O-O 7. Nc3 Nc6 8.
Qe1 Rb8 9. Qh4 b5 10. e4 b4 11. Nd1 Bg4 12. Ne3 Bxf3 13. Bxf3 Nd4 14. Bd1
Nd7 15. f5 a5 16. Ng4 gxf5 17. exf5 Kh8 18. Bg5 Bf6 19. Nxf6 exf6 20. Be3
Rg8 21. c3 bxc3 22. bxc3 Nc6 23. Rf3 Rb2 24. Qxh7+ Kxh7 25. Rh3+ Kg7 26.
Bh6+ 1-0

[Event "ECC"]
[Site "Rethymnon GRE"]
[Date "2003.10.04"]
[Round "7"]
[White "Arduman,C"]
[Black "Clarke,T"]
[Result "1/2-1/2"]
[WhiteElo "2336"]
[BlackElo "2128"]
[EventDate "2003.09.28"]

1. Nf3 f5 2. d4 Nf6 3. g3 e6 4. Bg2 Bb4+ 5. Nbd2 O-O 6. O-O Bxd2 7. Bxd2 d6
8. c4 Qe8 9. Bc3 Ne4 10. Rc1 Nd7 11. b4 a5 12. b5 b6 13. Bb2 Bb7 14. Nd2
Nxd2 15. Qxd2 Bxg2 16. Kxg2 Nf6 17. Qe3 Qh5 18. Qf3 Qh6 19. h4 Ne4 20. Qf4
Qxf4 21. gxf4 Rf6 22. f3 Rg6+ 23. Kh3 Ng3 24. Rf2 Rd8 25. e3 Nh5 26. Rg2
Rxg2 27. Kxg2 Kf7 28. Kf2 Ke7 29. Ke2 a4 30. Rg1 Kd7 31. Kd3 c6 32. bxc6+
Kxc6 33. Rc1 Rb8 34. Ba3 Kd7 35. Rb1 d5 36. Rb4 dxc4+ 1/2-1/2

[Event "ECC"]
[Site "Rethymnon GRE"]
[Date "2003.10.04"]
[Round "7"]
[White "Scannell,S"]
[Black "Yilmaz,T"]
[Result "1/2-1/2"]
[WhiteElo "2155"]
[BlackElo "2314"]
[EventDate "2003.09.28"]

1. d4 Nf6 2. c4 d6 3. Nc3 e5 4. dxe5 dxe5 5. Qxd8+ Kxd8 6. Bg5 Be6 7.
O-O-O+ Nbd7 8. Nf3 Kc8 9. e3 Bb4 10. Nd5 Bxd5 11. cxd5 Ne4 12. Bh4 f6 13.
Bd3 Nd6 14. Bc2 a5 15. g4 a4 16. a3 Bc5 17. Bg3 b5 18. Kb1 b4 19. axb4 Bxb4
20. Ne1 a3 21. Nd3 Rb8 22. bxa3 Bxa3+ 23. Ka2 Ra8 24. Kb3 Bc5 25. Nxc5
Nxc5+ 26. Kb4 Ra2 27. Bf5+ Nxf5 28. gxf5 Ne4 29. f3 Nd6 30. Ra1 Rxa1 31.
Rxa1 Kd7 32. e4 Rb8+ 33. Kc3 Nb5+ 34. Kc4 Nd6+ 35. Kc3 g6 36. fxg6 hxg6 37.
Ra4 Rb1 38. f4 exf4 39. Bxf4 Nb5+ 40. Kd3 Rf1 41. Bg3 Rf3+ 42. Kc4 Nd6+ 43.
Bxd6 Kxd6 44. Ra6+ Ke7 45. Re6+ Kd7 46. h4 Kd8 47. Kd4 1/2-1/2